000 00182nam a2200073Ia 4500
008 170524s9999 xx 000 0 und d
100 _aMISHRA- RAJENDRA
245 0 _a MEDIA ANUSANDHAN
260 _bN DELHI TAKSHSHILA
999 _c9271
_d9271